| 000 | 00690nam a2200253Ia 4500 | ||
|---|---|---|---|
| 008 | 160803s9999 xx 000 0 und d | ||
| 020 | _a0 590446975 | ||
| 100 | _aCole, Joanna | ||
| 245 | 4 | _aThe magic school bus explores the senses / | |
| 245 | _cby Joanna Cole ; illustrated by Bruce Degen. | ||
| 260 | _aNew York : | ||
| 260 | _bScholastic Inc. | ||
| 260 | _c1999 | ||
| 300 | _a47 pages : | ||
| 300 | _bcolor illustrations ; | ||
| 300 | _c22 cm. | ||
| 440 | _aThe Magic school bus ; | ||
| 440 | _v#3. | ||
| 650 | _aSenses and sensation -- | ||
| 650 | _aSenses and sensation. | ||
| 650 | _xJuvenile literature. | ||
| 700 | _a490 | ||
| 700 | _aExplores the senses. | ||
| 999 |
_c298850 _d298850 |
||